AWA World Heavyweight Champions - Statistics

General Stats
  • This quiz has been taken 61 times
  • The average score is 9 of 19
Answer Stats
Title Reigns Last Won Champion % Correct
10 1980 Verne Gagne
84%
4 1986 Nick Bockwinkel
78%
1 1987 Curt Hennig
76%
1 1988 Jerry Lawler
70%
1 1985 Stan Hansen
59%
1 1984 Rick Martel
57%
2 1990 Larry Zbyszko
54%
5 1966 Mad Dog Vachon
51%
1 1963 Fritz Von Erich
43%
1 1990 Mr. Saito
43%
1 1968 Dr. X
41%
1 1982 Otto Wanz
41%
1 1960 Pat O'Connor
38%
1 1966 Dick the Bruiser
35%
1 1984 Jumbo Tsuruta
35%
3 1965 The Crusher
35%
1 1961 Gene Kiniski
32%
1 1962 Mr. M
24%
1 1965 Mighty Igor Vodic
22%
No matching quizzes found
Score Distribution
Percent of People with Each Score
Percentile by Number Answered
Your Score History
You have not taken this quiz